| 000 | 005840000a22001810004500 | ||
|---|---|---|---|
| 003 | MACL | ||
| 005 | 20160406165445.0 | ||
| 008 | 160406b xxu||||| |||| 00| 0 eng d | ||
| 040 |
_aMACL _cMACL |
||
| 041 | _aHindi | ||
| 082 | _a500 | ||
| 100 |
_aदीक्षित मधुसूदन _950845 |
||
| 245 | _aवैज्ञानिकों के आविष्कार एवं परिचय | ||
| 260 |
_bयश पब्लिकेशन्स _c2002 _aइलाहाबाद |
||
| 350 | _a100 | ||
| 650 |
_aPure Science _950846 |
||
| 942 |
_cHIN _k500 _2ddc |
||
| 999 |
_c12541 _d12541 |
||